000 00730nam a2200253 a 4500
001 58476
003 BD-RjUL
005 20211209080628.0
008 161218s1973 enk b 001 0 eng d
020 _a085641011X (paper)
020 _a0856410101 (cloth)
035 _a(BD-RjUL)58600
040 _dBD-RjUL
_beng
_aBD-RjUL
_cBD-RjUL
041 _aeng
082 _223
_a330.015195
_bWAT 1973
100 1 _aWallis, Kenneth F.
_9173318
245 1 0 _aTopics in applied econometrics /
_cKenneth F. Wallis.
250 _a1st. ed.
260 _aLondon :
_bGray Mills Publishing,
_cc1973
300 _a136 p. :
_bill. ;
_c23 cm.
504 _a Includes Bibliography and index.
650 0 _aEconometrics.
_9172571
942 _2ddc
_cBK
999 _c58476
_d58476